000 00199 a2200097 4500
020 _a0590439456
041 _aeng
100 _aShirley Neitzel
245 _aThe jacket i wear in the snow
942 _cBK
999 _c11611
_d11611